[Event "IECG CF.2001.0.00005 email"]
[Site "IECG email"]
[Date "2001.06.19"]
[Round "?"]
[White "Berclaz, Corinna"]
[Black "Casser, Aaron"]
[Result "1-0"]
[WhiteElo "800"]
[BlackElo "1168"]
[PlyCount "75"]
[EventDate "2001.06.19"]
[EventType "tourn (corr)"]
[EventRounds "6"]
[SourceTitle "Corr 2008"]
[Source "ChessBase"]
[SourceDate "2008.06.24"]
[SourceVersion "1"]
[SourceVersionDate "2008.06.24"]
[SourceQuality "1"]

1. d4 Nf6 2. c4 g6 3. g3 Bg7 4. Bg2 0-0 5. Nc3 d6 6. Nf3 Nbd7 7. 0-0 e5 8. h3 exd4 9. Nxd4 Nc5 10. e4 Re8 11. Re1 Bd7 12. Bf4 Ne6 13. Be3 Qc8 14. Kh2 a6 15. Qd2 Nc5 16. Bg5 Ne6 17. Nxe6 Bxe6 18. Nd5 Qd8 19. Qf4 Nh5 20. Qh4 Qd7 21. g4 Bxd5 22. exd5 Bxb2 23. gxh5 Bxa1 24. Rxa1 Qf5 25. Rc1 Re2 26. Be3 Re8 27. hxg6 fxg6 28. c5 dxc5 29. Rxc5 Qd7 30. Qg3 Re7 31. Rxc7 Qxc7 32. d6 Qd7 33. dxe7 Qxe7 34. Bd5+ Kg7 35. Bd4+ Kh6 36. h4 b5 37. Qf4+ g5 38. Qf5 1-0

[Event "IECG CF.2001.0.00005 email"]
[Site "IECG email"]
[Date "2001.06.19"]
[Round "?"]
[White "Berclaz, Corinna"]
[Black "Mayne, Andrew"]
[Result "1/2-1/2"]
[WhiteElo "800"]
[BlackElo "1098"]
[PlyCount "89"]
[EventDate "2001.06.19"]
[EventType "tourn (corr)"]
[EventRounds "6"]
[SourceTitle "Corr 2008"]
[Source "ChessBase"]
[SourceDate "2008.06.24"]
[SourceVersion "1"]
[SourceVersionDate "2008.06.24"]
[SourceQuality "1"]

1. e4 e6 2. d3 d5 3. Nd2 Nf6 4. Ngf3 c5 5. g3 Nc6 6. Bg2 Be7 7. 0-0 0-0 8. Re1 b5 9. e5 Nd7 10. Nf1 b4 11. h4 a5 12. h5 Ba6 13. h6 a4 14. a3 b3 15. hxg7 Kxg7 16. cxb3 axb3 17. Qxb3 Qb8 18. Qc3 f6 19. d4 Nxd4 20. Nxd4 cxd4 21. exf6+ Rxf6 22. Qxd4 Bc5 23. Qg4+ Kh8 24. Ne3 Ne5 25. Qh4 Qf8 26. b4 Ng6 27. Qh5 Bd4 28. Ra2 Ne5 29. Qh4 Bc3 30. Bd2 Ng6 31. Qg4 Be5 32. f4 Bd4 33. f5 e5 34. Bxd5 Rd8 35. Be4 Ne7 36. Kh2 Bc8 37. Rf1 Ba6 38. b5 Bxb5 39. Re1 Qf7 40. Rc2 Rg8 41. Qh3 Qg7 42. Nd5 Nxd5 43. Bxd5 Rxf5 44. Bh6 Qf6 45. Bxg8 1/2-1/2

[Event "IECG CN.2001.0.00232"]
[Site "IECG email"]
[Date "2001.02.01"]
[Round "?"]
[White "Clark, De"]
[Black "Berclaz, Corinna"]
[Result "0-1"]
[WhiteElo "576"]
[BlackElo "800"]
[PlyCount "64"]
[EventDate "2001.02.01"]
[EventType "tourn (corr)"]
[EventRounds "6"]
[SourceTitle "Corr 2008"]
[Source "ChessBase"]
[SourceDate "2008.06.24"]
[SourceVersion "1"]
[SourceVersionDate "2008.06.24"]
[SourceQuality "1"]

1. e4 e5 2. Nf3 Nc6 3. Bb5 g6 4. Bxc6 dxc6 5. d4 exd4 6. Qxd4 Qxd4 7. Nxd4 Bg7 8. Be3 Bd7 9. Nc3 0-0-0 10. 0-0-0 Ne7 11. Rd3 Rhe8 12. Rhd1 a6 13. f3 c5 14. Nde2 b6 15. Nf4 Nc6 16. R3d2 Bxc3 17. bxc3 f5 18. Nd5 Be6 19. Bg5 Rd7 20. Nf6 Rxd2 21. Rxd2 Rf8 22. exf5 Bxf5 23. Nxh7 Rh8 24. Nf6 Rxh2 25. Bf4 Rh4 26. Nd5 Be6 27. Bg5 Rh1+ 28. Kb2 Bxd5 29. Rxd5 Rg1 30. g4 Rg3 31. Rd3 Ne5 32. Re3 Nc4+ 0-1